Guess the Taylor Swift Song (no hints) 36 - Statistics

General Stats
  • This quiz has been taken 216 times
  • The average score is 231 of 322
Answer Stats
Answer % Correct
a
99%
I
99%
the
97%
The
97%
you
97%
me,
94%
me
94%
we
94%
And
93%
and
93%
it
93%
so
93%
to
93%
for
90%
on
90%
it's
89%
It's
89%
When
88%
in
87%
love,
87%
they
86%
who
86%
are
85%
is
84%
of
83%
this
83%
but
81%
But
81%
Like
81%
never
79%
can
78%
was
78%
been
77%
ever
77%
know
74%
said
72%
could
70%
want
69%
our
66%
them
65%
dance
63%
here
63%
beat,
62%
beat
62%
New
62%
new
62%
waitin'
62%
lights
61%
Welcome
61%
welcome
61%
York,
61%
York
61%
bright,
60%
blind
59%
sound
59%
before
57%
girls
57%
any
56%
Boys
56%
boys
56%
more
56%
soundtrack,
56%
forevermore
54%
hadn't
54%
somethin'
54%
wouldn't
54%
heard
53%
Everybody
52%
real
51%
someone
51%
first
50%
Searchin'
49%
anything,
48%
anything
48%
put
48%
true
48%
else
47%
wanted
47%
change
46%
through
46%
Took
46%
changing
45%
floors
44%
hearts,
44%
apartment
43%
bags
43%
crowd,
43%
guessing
43%
keeps
43%
under
43%
Walkin'
43%
crazy
42%
drives
42%
broken
41%
drawer
40%
great
40%
dropped
39%
loud
38%
village
38%
heartbeats
37%
aglow
36%
Kaleidoscope
36%
coats
34%
No matching quizzes found
Score Distribution
Percent of People with Each Score
Percentile by Number Answered
Your Score History
You have not taken this quiz